[Event "Alta CC-ch"]
[Site "Alta"]
[Date "2013.02.27"]
[Round "7"]
[White "Mikalsen, Erlend"]
[Black "Mikalsen, Odd Erling"]
[Result "1-0"]
[WhiteElo "2074"]
[BlackElo "1960"]
[PlyCount "137"]
[EventDate "2013.01.16"]
[EventType "swiss"]
[EventRounds "10"]
[EventCountry "NOR"]
[SourceTitle "EXT 2024"]
[Source "ChessBase"]
[SourceDate "2023.10.10"]
[SourceVersion "1"]
[SourceVersionDate "2023.10.10"]
[SourceQuality "1"]

1. e4 e5 2. Nf3 Nc6 3. Bc4 Be7 4. 0-0 Nf6 5. d3 d5 6. exd5 Nxd5 7. Re1 Qd6 8. Nbd2 Bf5 9. Ne4 Bxe4 10. Rxe4 Nf6 11. Re1 a6 12. a3 0-0 13. Qe2 Nd7 14. Bd2 Rae8 15. Qe4 Nf6 16. Qf5 Nd4 17. Nxd4 exd4 18. Re2 Bd8 19. Rae1 Rxe2 20. Rxe2 c5 21. Bf4 Qb6 22. Bb3 Bc7 23. Bg5 Qd6 24. g3 Bd8 25. Bf4 Qc6 26. Bg5 g6 27. Qf4 b5 28. Bh6 Bc7 29. Qh4 c4 30. Bxf8 Kxf8 31. dxc4 bxc4 32. Ba4 Qf3 33. Re1 Bb6 34. Qf4 Qxf4 35. gxf4 Bc5 36. Kg2 Bd6 37. Kf3 Kg7 38. Bc6 Nh5 39. Re4 Bc5 40. Re5 c3 41. bxc3 Bxa3 42. cxd4 Bd6 43. Rd5 Bc7 44. Rd7 Bxf4 45. Bd5 Bxh2 46. Rxf7+ Kh6 47. c4 Ng7 48. c5 Nf5 49. Ke4 Bg1 50. Be6 Ng7 51. Bd7 g5 52. Rf6+ Kh5 53. f3 a5 54. c6 Bh2 55. Bg4+ Kh4 56. Rh6+ Kg3 57. Rxh7 Ne8 58. Re7 Nd6+ 59. Kd5 Kf2 60. Ra7 Ne8 61. Rxa5 Bf4 62. Ke6 Ke3 63. d5 Kd4 64. d6 Kc4 65. Ra4+ Kc5 66. Rxf4 Nxd6 67. Rd4 Ne8 68. Rd5+ Kxc6 69. Rxg5 1-0

[Event "Alta CC-ch"]
[Site "Alta"]
[Date "2013.01.30"]
[Round "3"]
[White "Mikalsen, Odd Erling"]
[Black "Mikalsen, Harald"]
[Result "1-0"]
[WhiteElo "1960"]
[BlackElo "1672"]
[PlyCount "69"]
[EventDate "2013.01.16"]
[EventType "swiss"]
[EventRounds "10"]
[EventCountry "NOR"]
[SourceTitle "EXT 2024"]
[Source "ChessBase"]
[SourceDate "2023.10.10"]
[SourceVersion "1"]
[SourceVersionDate "2023.10.10"]
[SourceQuality "1"]

1. Nf3 c5 2. e4 g6 3. d4 Bg7 4. Bc4 cxd4 5. Nxd4 d6 6. 0-0 Nf6 7. Qd3 0-0 8. c3 Nbd7 9. Qe2 Ne5 10. Bb3 a5 11. a4 Nfd7 12. Be3 Nc5 13. Bc2 Bd7 14. Nd2 Qc8 15. Bg5 Bf6 16. Bxf6 exf6 17. f4 Ng4 18. Nc4 Qc7 19. h3 Nh6 20. Rfd1 d5 21. Ne3 dxe4 22. Nd5 Qd6 23. Nb5 Bxb5 24. Qxb5 Nd3 25. Bxd3 exd3 26. Rxd3 Qa6 27. Qxa6 Rxa6 28. g4 Kg7 29. Kf2 Rd6 30. Re1 Rfd8 31. c4 Re6 32. Rde3 Rde8 33. Nc7 Rxe3 34. Nxe8+ Rxe8 35. Rxe8 1-0

[Event "Alta Autumn"]
[Site "Alta"]
[Date "2012.09.19"]
[Round "2"]
[White "Mikalsen, Odd Erling"]
[Black "Luostarinen, Asmo"]
[Result "1-0"]
[WhiteElo "1792"]
[BlackElo "1201"]
[PlyCount "53"]
[EventDate "2012.09.12"]
[EventType "swiss"]
[EventRounds "10"]
[EventCountry "NOR"]
[SourceTitle "EXT 2024"]
[Source "ChessBase"]
[SourceDate "2023.10.10"]
[SourceVersion "1"]
[SourceVersionDate "2023.10.10"]
[SourceQuality "1"]

1. c4 Nf6 2. Nc3 e5 3. g3 Nc6 4. Bg2 g6 5. d3 Bg7 6. Nf3 d6 7. Bg5 Be6 8. a4 a6 9. a5 Rb8 10. Qd2 Qd7 11. h4 Nh5 12. Bh6 0-0 13. Bxg7 Kxg7 14. Ne4 f5 15. Neg5 Bg8 16. Qc3 h6 17. Nh3 Kh7 18. e3 f4 19. gxf4 exf4 20. Nhg5+ hxg5 21. Nxg5+ Kh6 22. 0-0-0 Ne5 23. Bh3 Qg7 24. Rhg1 fxe3 25. d4 exf2 26. Rgf1 Nc6 27. Qd2 1-0

[Event "Alta op"]
[Site "Alta"]
[Date "2012.05.25"]
[Round "3"]
[White "Mikalsen, Odd Erling"]
[Black "Mikalsen, Erlend"]
[Result "0-1"]
[WhiteElo "1770"]
[BlackElo "2104"]
[PlyCount "110"]
[EventDate "2012.05.25"]
[EventType "swiss"]
[EventRounds "6"]
[EventCountry "NOR"]
[SourceTitle "EXT 2024"]
[Source "ChessBase"]
[SourceDate "2023.10.10"]
[SourceVersion "1"]
[SourceVersionDate "2023.10.10"]
[SourceQuality "1"]

1. c4 g6 2. Nf3 Bg7 3. g3 d6 4. Bg2 Nf6 5. d3 0-0 6. Nc3 e5 7. 0-0 Re8 8. Bd2 c6 9. Qc1 d5 10. e4 d4 11. Ne2 Nbd7 12. Ne1 a5 13. b4 axb4 14. Bxb4 Nh5 15. a4 Qb6 16. Bd2 Nc5 17. Rb1 Qd8 18. a5 f5 19. Qa3 Bf8 20. Bb4 Nd7 21. Bxf8 Rxa5 22. Qc1 Nxf8 23. exf5 gxf5 24. Qh6 Ng7 25. Nf3 Ra6 26. Ra1 Re6 27. Qd2 Rxa1 28. Rxa1 Qf6 29. Ra8 Re8 30. Qb4 Nd7 31. Nd2 Qf8 32. Qxf8+ Kxf8 33. f4 Ne6 34. Bh3 exf4 35. Bxf5 Nb6 36. Rb8 fxg3 37. hxg3 Nc5 38. Bxc8 Rxc8 39. Rxc8+ Nxc8 40. Nxd4 Nxd3 41. Ne4 Ke7 42. Kg2 Nd6 43. Nd2 c5 44. Nc2 Ke6 45. Kf3 Ne5+ 46. Kf4 Nexc4 47. Nf3 Kf6 48. g4 b5 49. g5+ Ke6 50. Kg4 b4 51. Kh5 Nf5 52. Na1 Ne5 53. Nd2 Kd5 54. Nab3 c4 55. Nc1 Kd4 0-1

[Event "Tromsoe GP"]
[Site "Tromsoe"]
[Date "2012.03.23"]
[Round "3"]
[White "Machlik, Edit"]
[Black "Mikalsen, Odd Erling"]
[Result "1/2-1/2"]
[WhiteElo "1801"]
[BlackElo "1981"]
[PlyCount "152"]
[EventDate "2012.03.23"]
[EventType "swiss"]
[EventRounds "5"]
[EventCountry "NOR"]
[SourceTitle "EXT 2024"]
[Source "ChessBase"]
[SourceDate "2023.10.10"]
[SourceVersion "1"]
[SourceVersionDate "2023.10.10"]
[SourceQuality "1"]

1. e4 e5 2. Nf3 Nc6 3. Bb5 f5 4. Bxc6 dxc6 5. exf5 e4 6. Qe2 Nf6 7. Nc3 Bxf5 8. 0-0 Be7 9. Ne1 0-0 10. f3 Kh8 11. fxe4 Qd4+ 12. Kh1 Bxe4 13. d3 Bd5 14. Qxe7 Rfe8 15. Qxc7 Qf2 16. Qf4 Qxe1 17. Bd2 Qe7 18. Rae1 Qd7 19. Nxd5 Nxd5 20. Rxe8+ Qxe8 21. Qf7 Qxf7 22. Rxf7 b6 23. Kg1 Kg8 24. Rd7 a5 25. Rb7 b5 26. c4 bxc4 27. dxc4 Nf6 28. Bc3 Ne8 29. Rb6 Rc8 30. c5 a4 31. Ra6 Kf7 32. Rxa4 Ke6 33. Rh4 h6 34. Rd4 Kf5 35. g4+ Ke6 36. Kf2 Kf7 37. Rd7+ Ke6 38. Rd4 Kf7 39. Kf3 Ke7 40. Re4+ Kf7 41. a4 Nc7 42. Rf4+ Kg6 43. h4 Nd5 44. Rc4 Rd8 45. Kg3 Re8 46. h5+ Kf7 47. a5 Rb8 48. a6 Ra8 49. Ra4 Ra7 50. Be5 Ke6 51. Bb8 Ra8 52. a7 Nf6 53. Kf4 Nd7 54. Rc4 Nxb8 55. axb8Q Rxb8 56. b4 Kd5 57. Re4 Rf8+ 58. Ke3 Rf7 59. Rd4+ Ke5 60. Re4+ Kd5 61. Rd4+ Ke5 62. Rd6 Rb7 63. Rxc6 Rxb4 64. Rg6 Rc4 65. c6 Rc3+ 66. Kd2 Rc4 67. Kd3 Rc1 68. g5 hxg5 69. Rxg7 Rxc6 70. Rxg5+ Kf4 71. Rg6 Rc5 72. h6 Rh5 73. Rc6 Rh3+ 74. Kd2 Kg5 75. Ke2 Rxh6 76. Rxh6 Kxh6 1/2-1/2

[Event "Alta CC-ch"]
[Site "Alta"]
[Date "2012.02.08"]
[Round "4"]
[White "Mikalsen, Odd Erling"]
[Black "Estremskikh, Galina"]
[Result "1-0"]
[WhiteElo "1783"]
[BlackElo "1255"]
[PlyCount "45"]
[EventDate "2012.01.18"]
[EventType "swiss"]
[EventRounds "10"]
[EventCountry "NOR"]
[SourceTitle "EXT 2024"]
[Source "ChessBase"]
[SourceDate "2023.10.10"]
[SourceVersion "1"]
[SourceVersionDate "2023.10.10"]
[SourceQuality "1"]

1. e4 c5 2. c3 Nc6 3. Nf3 e6 4. d4 cxd4 5. Nxd4 Nf6 6. Bg5 Be7 7. Bd3 Nxd4 8. cxd4 Qb6 9. Be3 Qxb2 10. Nd2 Bb4 11. 0-0 Bxd2 12. Qxd2 Qa3 13. Rab1 h6 14. Rb3 Qe7 15. Rc1 b6 16. Rc7 Ng4 17. Bf4 Qh4 18. Bd6 Nf6 19. Qc2 Ba6 20. Bxa6 Rd8 21. Rc8 Nxe4 22. Rxd8+ Qxd8 23. Qxe4 1-0

[Event "Alta Grand Prix"]
[Site "Alta"]
[Date "2011.11.11"]
[Round "1"]
[White "Machlik, Edit"]
[Black "Mikalsen, Odd Erling"]
[Result "0-1"]
[WhiteElo "1524"]
[BlackElo "1784"]
[PlyCount "36"]
[EventDate "2011.11.11"]
[EventType "swiss"]
[EventRounds "5"]
[EventCountry "NOR"]
[SourceTitle "EXT 2023"]
[Source "ChessBase"]
[SourceDate "2022.10.05"]
[SourceVersion "1"]
[SourceVersionDate "2022.10.05"]
[SourceQuality "1"]

1. e4 e5 2. Nf3 Nc6 3. Bb5 f5 4. d3 Nf6 5. Nc3 Bb4 6. 0-0 Bxc3 7. bxc3 d6 8. exf5 Bxf5 9. a4 0-0 10. Bc4+ Kh8 11. h3 Qd7 12. Rb1 Rab8 13. Be3 a6 14. Rb2 Ne7 15. Qa1 Ned5 16. Ba7 Ra8 17. Rxb7 Bxh3 18. Re1 Qg4 0-1

[Event "NOR-chT Clubs"]
[Site "Fagernes"]
[Date "2011.10.14"]
[Round "2"]
[White "Holm, Kristian Stuvik"]
[Black "Mikalsen, Odd Erling"]
[Result "1-0"]
[WhiteElo "2281"]
[BlackElo "1784"]
[PlyCount "133"]
[EventDate "2011.10.14"]
[EventType "team-tourn"]
[EventRounds "6"]
[EventCountry "NOR"]
[SourceTitle "CBM 144 Extra"]
[Source "ChessBase"]
[SourceDate "2011.10.28"]
[SourceVersion "1"]
[SourceVersionDate "2011.10.28"]
[SourceQuality "1"]

1. d4 Nf6 2. Nf3 d6 3. c4 g6 4. Nc3 Bg7 5. e4 c5 6. Be2 cxd4 7. Nxd4 0-0 8. 0-0 Nc6 9. Nc2 Be6 10. Bd2 Rc8 11. Rc1 Nd7 12. b3 Nc5 13. f3 Qb6 14. Kh1 Nd4 15. Nxd4 Bxd4 16. Bg5 Bxc3 17. Rxc3 Qa5 18. Qd2 Rfe8 19. Rb1 Qc7 20. Re1 a5 21. Bd1 Nd7 22. Rce3 Qc5 23. f4 f6 24. Bh6 a4 25. Rg3 axb3 26. axb3 b5 27. h4 Bf7 28. f5 bxc4 29. h5 c3 30. hxg6 hxg6 31. Qf4 c2 32. Bh5 c1Q 33. Rxc1 Qxc1+ 34. Qxc1 Rxc1+ 35. Bxc1 g5 36. Bxf7+ Kxf7 37. b4 Rc8 38. Ba3 Rc4 39. Re3 Nb6 40. Kh2 Rc2 41. b5 Nc4 42. Rb3 Nxa3 43. b6 Rc8 44. Rxa3 Rb8 45. Rb3 Ke8 46. Kg3 Kd7 47. Kg4 Kc6 48. Rc3+ Kxb6 49. Kh5 Rb7 50. Rc8 Rc7 51. Re8 Kc6 52. Kg6 Kd7 53. Kf7 Rc2 54. Rxe7+ Kc6 55. Kxf6 Rxg2 56. Kg7 Rf2 57. f6 g4 58. f7 g3 59. f8Q Rxf8 60. Kxf8 Kc5 61. Rg7 Kd4 62. Ke7 Kxe4 63. Rxg3 d5 64. Kd6 d4 65. Kc5 d3 66. Kc4 d2 67. Rd3 1-0

[Event "Alta Autumn"]
[Site "Alta"]
[Date "2011.10.12"]
[Round "6"]
[White "Luostarinen, Asmo"]
[Black "Mikalsen, Odd Erling"]
[Result "0-1"]
[WhiteElo "1170"]
[BlackElo "1784"]
[PlyCount "84"]
[EventDate "2011.09.07"]
[EventType "swiss"]
[EventRounds "10"]
[EventCountry "NOR"]
[SourceTitle "EXT 2024"]
[Source "ChessBase"]
[SourceDate "2023.10.10"]
[SourceVersion "1"]
[SourceVersionDate "2023.10.10"]
[SourceQuality "1"]

1. e4 e5 2. Nf3 Nc6 3. Bb5 f5 4. d3 Nf6 5. Bg5 Bc5 6. Nc3 d6 7. Nd5 fxe4 8. Bxf6 gxf6 9. dxe4 Bg4 10. c3 0-0 11. b4 Bb6 12. Nxb6 axb6 13. Qd5+ Kh8 14. Be2 Ra3 15. Qd2 Qa8 16. h3 Be6 17. 0-0 Rg8 18. Kh2 Ne7 19. Nh4 Ng6 20. Nxg6+ Rxg6 21. f4 Qg8 22. Bd1 Bc4 23. Rf2 Rg3 24. Rf3 exf4 25. Rxf4 Raxc3 26. Bf3 Qg5 27. Qxc3 Qxf4 28. Kg1 Be2 29. Kf2 Bxf3 30. gxf3 Rxh3 31. Rg1 Rh2+ 32. Rg2 Qh4+ 33. Kf1 Rh1+ 34. Ke2 c6 35. a4 Rh2 36. Kf1 Rxg2 37. Kxg2 Kg7 38. b5 Qg5+ 39. Kf2 Qc5+ 40. Qxc5 dxc5 41. bxc6 bxc6 42. f4 h5 0-1

[Event "Alta Autumn"]
[Site "Alta"]
[Date "2011.09.21"]
[Round "3"]
[White "Mikalsen, Odd Erling"]
[Black "Hardersen, Steinar"]
[Result "1-0"]
[WhiteElo "1784"]
[BlackElo "1464"]
[PlyCount "83"]
[EventDate "2011.09.07"]
[EventType "swiss"]
[EventRounds "10"]
[EventCountry "NOR"]
[SourceTitle "EXT 2024"]
[Source "ChessBase"]
[SourceDate "2023.10.10"]
[SourceVersion "1"]
[SourceVersionDate "2023.10.10"]
[SourceQuality "1"]

1. e4 e5 2. d4 exd4 3. Qxd4 Nc6 4. Qe3 Nf6 5. Nc3 Bb4 6. Bd2 d6 7. 0-0-0 Bxc3 8. Bxc3 Be6 9. Bb5 Qe7 10. f3 a6 11. Bxc6+ bxc6 12. Ne2 c5 13. Qg5 Qf8 14. Bxf6 gxf6 15. Qxf6 Bxa2 16. e5 Be6 17. exd6 cxd6 18. Rxd6 Rg8 19. Rhd1 Qe7 20. Qxe7+ Kxe7 21. Nf4 Bc4 22. Rc6 Rgc8 23. Rh6 Rh8 24. b3 Bb5 25. c4 Be8 26. Nd5+ Kf8 27. Nc7 Ra7 28. Nxa6 Kg7 29. Rhd6 f6 30. Nxc5 Rg8 31. Kb2 Kh8 32. g4 h5 33. Rxf6 Rh7 34. h3 hxg4 35. hxg4 Rh2+ 36. Kc3 Bg6 37. Nd7 Rc2+ 38. Kb4 Kg7 39. Rdd6 Kh6 40. Nf8 Kg7 41. Nxg6 Rb8+ 42. Rb6 1-0

[Event "Alta Spring"]
[Site "Alta"]
[Date "2011.05.11"]
[Round "11"]
[White "Mikalsen, Odd Erling"]
[Black "Arild, Steinar"]
[Result "1-0"]
[WhiteElo "1779"]
[BlackElo "1125"]
[PlyCount "59"]
[EventDate "2011.03.23"]
[EventType "swiss"]
[EventRounds "13"]
[EventCountry "NOR"]
[SourceTitle "EXT 2024"]
[Source "ChessBase"]
[SourceDate "2023.10.10"]
[SourceVersion "1"]
[SourceVersionDate "2023.10.10"]
[SourceQuality "1"]

1. e4 e6 2. d3 d5 3. Nd2 Nf6 4. Ngf3 c5 5. g3 Nc6 6. Bg2 Be7 7. 0-0 Qc7 8. Re1 0-0 9. Nf1 Bd6 10. Bg5 Nd7 11. exd5 exd5 12. Ne3 f6 13. Nxd5 Qd8 14. Bf4 Bxf4 15. Nxf4 Nde5 16. c3 Rb8 17. Qb3+ Kh8 18. Rad1 Qb6 19. Qc2 Bg4 20. Nd5 Qd8 21. Nxe5 Bxd1 22. Ng6+ hxg6 23. Qxd1 Ne5 24. Nf4 Qd7 25. Rxe5 fxe5 26. Nxg6+ Kg8 27. Qb3+ Kh7 28. Be4 Kh6 29. Nxe5 Rf6 30. Nxd7 1-0